000 00556nam a2200241Ia 4500
003 OSt
005 20220924145453.0
006 a|||||r|||| 00| 0
007 ta
008 TEL
020 _c1.25
024 _a328906
037 _cTextual
040 _aARTS
_cARTS
_bTEL
041 _2TEL
_aTEL
082 _aL9c:57, 33J9
100 _aAchar S.T. Tr.
_9219845
245 0 _aMakkala palane poshane
260 _c1959
650 _aMEDICINE
_94387
942 _hL9c:57, 33J9
_cTEXL
_2CC
999 _c460221
_d460221